Central Library OPAC University of Rajshahi

The methods of plane projective geometry based on the use of general homogeneous coordinates / (Record no. 51010)

MARC details
000 -LEADER
fixed length control field 00705nam a2200229 a 4500
001 - CONTROL NUMBER
control field 51010
003 - CONTROL NUMBER IDENTIFIER
rucl marc code BD-RjUL
005 - DATE AND TIME OF LATEST TRANSACTION
control field 20211209075610.0
008 - FIXED-LENGTH DATA ELEMENTS--GENERAL INFORMATION
fixed length control field 160829m19631946enk 001 0 eng d
035 ## - SYSTEM CONTROL NUMBER
System control number (BD-RjUL)51130
040 ## - CATALOGING SOURCE
Original cataloging agency DLC
Transcribing agency WIT
Modifying agency SER/EUX
-- BD-RjUL
Language of cataloging eng
041 ## - LANGUAGE CODE
Language code of text/sound track or separate title eng
082 ## - DEWEY DECIMAL CLASSIFICATION NUMBER
Classification number 515
Edition number 23
Author mark and year MAM 1963
100 1# - MAIN ENTRY--PERSONAL NAME
Personal name Maxwell, E. A.
9 (RLIN) 151048
245 14 - TITLE STATEMENT
Title The methods of plane projective geometry based on the use of general homogeneous coordinates /
Statement of responsibility, etc. E.A. Maxwell
250 ## - EDITION STATEMENT
Edition statement 1st ed.
260 ## - PUBLICATION, DISTRIBUTION, ETC. (IMPRINT)
Place of publication, distribution, etc. Cambridge :
Name of publisher, distributor, etc. Cambridge University Press,
Date of publication, distribution, etc. 1946, [Edition 1963]
300 ## - PHYSICAL DESCRIPTION
Pagination xix, 230 p. ;
Size 23 cm.
500 ## - GENERAL NOTE
General note index
650 #0 - SUBJECT ADDED ENTRY--TOPICAL TERM
Topical term or geographic name as entry element Geometry
Form subdivision Projective
9 (RLIN) 152628
942 ## - ADDED ENTRY ELEMENTS (KOHA)
Source of classification or shelving scheme Dewey Decimal Classification
Koha item type Books
Holdings
Lost status Source of classification or shelving scheme Damaged status Not for loan Collection code Permanent Location Current Location Shelving location Date acquired Source of acquisition Total Checkouts Full call number Date last seen Copy number Koha item type
  Dewey Decimal Classification     Non-fiction Central Library, University of Rajshahi Central Library, University of Rajshahi   08/02/1973 Britain   515 MAM 1963 29/08/2016 C-2 Books
  Dewey Decimal Classification     Non-fiction Central Library, University of Rajshahi Central Library, University of Rajshahi   08/02/1973 Britain   515 MAM 1963 29/08/2016 C-3 Books
  Dewey Decimal Classification     Non-fiction Central Library, University of Rajshahi Central Library, University of Rajshahi   08/02/1973 Britain   515 MAM 1963 29/08/2016 C-4 Books